000 00371nam a2200157Ia 4500
008 221030s9999 xx 000 0 und d
020 _a8131502465
041 _aEnglish
082 _a105.23
100 _aC. Diaz
245 0 _aIntroduction to UNIX / LINUX
260 _bCengage Learning
_aNew Delhi
_c2008
300 _a435
650 _aCSE Career Award
942 _cBK
999 _c6350
_d6350